Catálogo
 En Linea

God in time : (Registro nro. 1206)

Detalles MARC
000 -CABECERA
campo de control de longitud fija 00729cam a2200229 a 4500
001 - NÚMERO DE CONTROL
campo de control 000001263
005 - FECHA Y HORA DE LA ÚLTIMA TRANSACCIÓN
campo de control 20200929145526.0
008 - DATOS DE LONGITUD FIJA--INFORMACIÓN GENERAL
campo de control de longitud fija 951128s1996 txu 000 0 eng
020 ## - NÚMERO INTERNACIONAL ESTÁNDAR DEL LIBRO
Número Internacional Estándar del Libro 0964905000
040 ## - FUENTE DE LA CATALOGACIÓN
Centro catalogador/agencia de origen DO-SdBNP
Centro/agencia transcriptor DLC
082 ## - NÚMERO DE LA CLASIFICACIÓN DECIMAL DEWEY
Número de clasificación 299.93
Número de documento/Ítem S972g
100 1# - ENTRADA PRINCIPAL--NOMBRE DE PERSONA
Nombre de persona Swanson, John
9 (RLIN) 4282
245 10 - MENCIÓN DE TÍTULO
Título God in time :
Resto del título an introduction to Entitarianism /
Mención de responsabilidad, etc. John Swanson.
246 10 - FORMA VARIANTE DE TÍTULO
Título propio/Titulo breve An introduction to Entitarianism
260 ## - PUBLICACIÓN, DISTRIBUCIÓN, ETC.
Lugar de publicación, distribución, etc. Garland, Texa :
Nombre del editor, distribuidor, etc. Entity Mission,
Fecha de publicación, distribución, etc. 1996.
300 ## - DESCRIPCIÓN FÍSICA
Extensión vi, 273 p. ;
Dimensiones 23 cm.
650 #4 - PUNTO DE ACCESO ADICIONAL DE MATERIA--TÉRMINO DE MATERIA
Término de materia o nombre geográfico como elemento de entrada Religiones
9 (RLIN) 4283
650 #4 - PUNTO DE ACCESO ADICIONAL DE MATERIA--TÉRMINO DE MATERIA
Término de materia o nombre geográfico como elemento de entrada Pensamiento religioso
Subdivisión cronológica SIGLO XX
9 (RLIN) 4284
610 20 - PUNTO DE ACCESO ADICIONAL DE MATERIA--NOMBRE DE ENTIDAD CORPORATIVA
Nombre de entidad corporativa o nombre de jurisdicción como elemento de entrada ENTITY MISSION (GARLAND, TEX.)
9 (RLIN) 4285
910 ## - DATOS DE OPCIÓN DEL USUARIO (OCLC)
Datos de opción del usuario Catalogación por copia / LC
910 ## - DATOS DE OPCIÓN DEL USUARIO (OCLC)
Datos de opción del usuario Jornada de catalogación
Existencias
Estado de retiro Estado de pérdida Restricciones de uso No para préstamo Código de colección Localización permanente Ubicación/localización actual Ubicación en estantería Fecha de adquisición Fuente de adquisición Número de inventario Total de préstamos Signatura topográfica completa Código de barras Fecha visto por última vez Precio válido a partir de Tipo de ítem Koha Número de copia
    Préstamo interno   Monografías: Libros y Folletos General General Depósito 23.07.2009 002344 LF1   299.93 S972g 1263-10 25.06.2020 25.06.2020 Préstamo interno  
    Préstamo restringido Préstamo restrigido Monografías: Libros y Folletos General General Depósito 23.07.2009 002344 LF1   299.93 S972g 1263-20 25.06.2020 25.06.2020 Préstamo interno e. 2

Con tecnología Koha